[Event "FRA-chT Top 16 GpB"]
[Site "Chartres"]
[Date "2023.06.03"]
[Round "3.4"]
[White "Salles, Louis"]
[Black "Visakh, Narayanan Rajeswari"]
[Result "0-1"]
[WhiteElo "2293"]
[BlackElo "2542"]
[PlyCount "70"]
[EventDate "2023.06.01"]
[EventType "team-tourn"]
[EventRounds "7"]
[EventCountry "FRA"]
[SourceTitle "CBM 214 Extra"]
[Source "ChessBase"]
[SourceDate "2023.07.31"]
[SourceVersion "1"]
[SourceVersionDate "2023.07.31"]
[SourceQuality "1"]
[WhiteTeam "Poitiers Migne"]
[BlackTeam "Metz Fischer"]
[WhiteTeamCountry "FRA"]
[BlackTeamCountry "FRA"]

1. e4 c6 2. d4 d5 3. exd5 cxd5 4. c4 Nf6 5. Nc3 e6 6. Nf3 Bb4 7. cxd5 Nxd5 8. Qc2 Nc6 9. Bd3 h6 10. 0-0 0-0 11. a3 Be7 12. Qe2 Re8 13. Rd1 Bf8 14. Qe4 g6 15. Bc4 Bg7 16. Nxd5 exd5 17. Qxd5 Qf6 18. Bf1 Bg4 19. Rd3 Red8 20. Qa2 Bf5 21. Rc3 Be6 22. Bc4 Nxd4 23. Nxd4 Qxd4 24. h3 Qd1+ 25. Kh2 Bxc3 26. Bxe6 Qd6+ 27. g3 Qxe6 28. Qxe6 fxe6 29. bxc3 Rd1 30. Kg2 Rc8 31. Bb2 Rxa1 32. Bxa1 Rd8 33. Bb2 Rd2 34. Bc1 Rc2 35. Bxh6 Rxc3 0-1

[Event "Paris-ch IdF"]
[Site "Paris"]
[Date "2022.07.16"]
[Round "7"]
[White "Micottis, Dorian"]
[Black "Salles, Louis"]
[Result "1/2-1/2"]
[WhiteElo "2263"]
[BlackElo "2269"]
[PlyCount "132"]
[EventDate "2022.07.12"]
[EventType "swiss"]
[EventRounds "9"]
[EventCountry "FRA"]
[SourceTitle "CBM 209 Extra"]
[Source "ChessBase"]
[SourceDate "2022.09.30"]
[SourceVersion "1"]
[SourceVersionDate "2022.09.30"]
[SourceQuality "1"]

1. Nf3 d5 2. g3 c6 3. Bg2 Bg4 4. h3 Bxf3 5. Bxf3 e5 6. d4 e4 7. Bg2 Nf6 8. 0-0 Be7 9. c4 0-0 10. Nc3 Qd7 11. Bg5 Rd8 12. Bxf6 Bxf6 13. e3 Na6 14. Qb3 Nc7 15. Rfc1 Rab8 16. cxd5 cxd5 17. a4 b6 18. Rc2 Ne6 19. Qb5 Qb7 20. Rac1 a6 21. Qb3 Qd7 22. Na2 b5 23. a5 Bxd4 24. exd4 Nxd4 25. Qb4 Nxc2 26. Rxc2 Rbc8 27. Rxc8 Rxc8 28. Qd4 Rc4 29. Qd2 f5 30. b3 Rc8 31. Qd4 Rd8 32. Bf1 Qe6 33. Nb4 Rd6 34. Nc2 Kf7 35. Qa7+ Rd7 36. Qc5 Qd6 37. Qxd6 Rxd6 38. Nd4 Kf6 39. f4 g5 40. Kf2 Rd7 41. h4 gxf4 42. gxf4 Rc7 43. Bh3 Rc3 44. Bf1 Rc1 45. Ke2 Ra1 46. Bh3 Ra2+ 47. Ke3 Rxa5 48. Bxf5 Ra1 49. Bxh7 Rh1 50. Bg8 Rh3+ 51. Ke2 Rd3 52. Nc2 d4 53. Bd5 Kf5 54. h5 Kxf4 55. h6 Ke5 56. Nb4 Rh3 57. Bb7 Rh2+ 58. Kd1 Rxh6 59. Bxa6 Rb6 60. Bc8 d3 61. Kd2 Kd4 62. Nxd3 exd3 63. Bf5 Rh6 64. Bxd3 Rh2+ 65. Be2 b4 66. Kd1 Rxe2 1/2-1/2

[Event "Paris-ch IdF"]
[Site "Paris"]
[Date "2022.07.15"]
[Round "6"]
[White "Salles, Louis"]
[Black "Dev, Shah"]
[Result "1/2-1/2"]
[WhiteElo "2269"]
[BlackElo "2292"]
[PlyCount "152"]
[EventDate "2022.07.12"]
[EventType "swiss"]
[EventRounds "9"]
[EventCountry "FRA"]
[SourceTitle "CBM 209 Extra"]
[Source "ChessBase"]
[SourceDate "2022.09.30"]
[SourceVersion "1"]
[SourceVersionDate "2022.09.30"]
[SourceQuality "1"]

1. d4 d5 2. c4 c6 3. Nc3 Nf6 4. e3 e6 5. Nf3 Nbd7 6. Be2 Bd6 7. 0-0 0-0 8. b3 b6 9. Bb2 Bb7 10. Bd3 c5 11. cxd5 exd5 12. Rc1 Re8 13. Ne2 Ne4 14. Ng3 a6 15. Bb1 Ndf6 16. Nf5 Bf8 17. Ne5 g6 18. Ng3 Bg7 19. dxc5 bxc5 20. Bxe4 Nxe4 21. Nxe4 dxe4 22. Nc4 Qg5 23. Bxg7 Kxg7 24. Qc2 Rad8 25. Na5 Bc8 26. Kh1 Rd5 27. Rfd1 Rf5 28. Nc4 Qh4 29. g3 Qg4 30. Nd6 Qf3+ 31. Kg1 Rd8 32. Nxc8 Rxc8 33. Rd2 Qg4 34. Qd1 Rf3 35. Rd8 Rxd8 36. Qxd8 Rf6 37. Qd2 Qf5 38. Rc4 h5 39. h4 Kh7 40. Qc2 Qf3 41. Qd2 Rf5 42. Rc2 Kh6 43. Qe2 Rd5 44. Rd2 Qxe2 45. Rxe2 g5 46. hxg5+ Kxg5 47. Rc2 Kg4 48. Kg2 f5 49. Rc4 Rd2 50. Ra4 h4 51. gxh4 Kxh4 52. Rxa6 f4 53. exf4 Kg4 54. Re6 Kxf4 55. a3 Rb2 56. b4 c4 57. Rc6 Rc2 58. Rc8 c3 59. Rc4 Ke5 60. b5 e3 61. Kf1 Kd5 62. Rc8 Rxf2+ 63. Ke1 Kd4 64. Rd8+ Kc4 65. Rc8+ Kb3 66. b6 Rf7 67. Rc7 c2 68. b7 Rf8 69. Rc8 Kxa3 70. Rxc2 Rb8 71. Rc7 Ka4 72. Ke2 Ka5 73. Kxe3 Kb6 74. Re7 Ka7 75. Kd4 Rxb7 76. Rxb7+ Kxb7 1/2-1/2

[Event "Europe Echecs online op March"]
[Site "Europe Echecs INT"]
[Date "2020.03.28"]
[Round "9"]
[White "Salles, Louis"]
[Black "Stephan, Victor"]
[Result "0-1"]
[WhiteElo "2224"]
[BlackElo "2431"]
[PlyCount "72"]
[EventDate "2020.03.28"]
[EventType "swiss (blitz)"]
[EventRounds "9"]
[EventCountry "FRA"]
[SourceTitle "EXT 2021"]
[Source "ChessBase"]
[SourceDate "2020.10.23"]
[SourceVersion "1"]
[SourceVersionDate "2020.10.23"]
[SourceQuality "1"]

1. d4 Nf6 2. Nf3 e6 3. e3 d5 4. c4 b6 5. Nc3 Bb7 6. cxd5 exd5 7. Bd3 Bd6 8. 0-0 0-0 9. Ne5 Nbd7 10. f4 a6 11. Qf3 Qe7 12. Bd2 c5 13. Rae1 c4 14. Bb1 b5 15. a3 b4 16. axb4 Bxb4 17. Qh3 g6 18. Kh1 Rfe8 19. Nxd7 Nxd7 20. Nxd5 Bxd5 21. Bxb4 Qxb4 22. Qxd7 Rad8 23. Qg4 Qxb2 24. e4 Ba8 25. d5 c3 26. Re2 Qb4 27. Bc2 Qc4 28. f5 Bxd5 29. fxg6 hxg6 30. Rf6 Bxe4 31. Rxe4 Rxe4 32. Rxg6+ fxg6 33. Qxg6+ Kf8 34. Qf6+ Ke8 35. Qg6+ Kd7 36. Qf5+ Kc7 0-1

[Event "Reykjavik op"]
[Site "Reykjavik"]
[Date "2019.04.14"]
[Round "7"]
[White "Hambleton, Aman"]
[Black "Salles, Louis"]
[Result "0-1"]
[WhiteElo "2484"]
[BlackElo "2221"]
[PlyCount "116"]
[EventDate "2019.04.08"]
[EventType "swiss"]
[EventRounds "9"]
[EventCountry "ISL"]
[SourceTitle "CBM 189 Extra"]
[Source "ChessBase"]
[SourceDate "2019.06.03"]
[SourceVersion "1"]
[SourceVersionDate "2019.06.03"]
[SourceQuality "1"]

1. d4 Nf6 2. Bf4 c5 3. e3 Qb6 4. Nc3 Qxb2 5. Nb5 Nd5 6. c4 Nxf4 7. Rb1 Qxa2 8. Nc7+ Kd8 9. Nxa8 Ng6 10. Nf3 Qa5+ 11. Qd2 Qxd2+ 12. Kxd2 f6 13. h4 e6 14. Bd3 Na6 15. Be4 b6 16. h5 Ne7 17. Ra1 Nc6 18. Bxc6 dxc6 19. Rhb1 cxd4 20. Nxd4 Kd7 21. Nxb6+ axb6 22. Rxb6 Bc5 23. Rbxa6 Bxa6 24. Rxa6 Bxd4 25. exd4 Rc8 26. g4 Rc7 27. f4 e5 28. dxe5 fxe5 29. f5 h6 30. Ke3 Ke7 31. Ra5 Kf6 32. Rc5 Kg5 33. Kf3 e4+ 34. Kg3 Rd7 35. f6+ Kxf6 36. Kf4 Rd6 37. Kxe4 Re6+ 38. Kd4 Rd6+ 39. Kc3 g6 40. Kb4 gxh5 41. gxh5 Ke7 42. Ka5 Rf6 43. Kb6 Kd7 44. Ra5 Kd6 45. Ra1 Rf5 46. Rd1+ Ke6 47. Kxc6 Rxh5 48. Rd6+ Ke7 49. c5 Rh1 50. Kc7 h5 51. Rh6 h4 52. c6 h3 53. Kb8 h2 54. c7 Rb1+ 55. Kc8 h1Q 56. Rxh1 Rxh1 57. Kb7 Rb1+ 58. Kc8 Rc1 0-1

[Event "Reykjavik op"]
[Site "Reykjavik"]
[Date "2019.04.10"]
[Round "4"]
[White "Salles, Louis"]
[Black "Sachdev, Tania"]
[Result "0-1"]
[WhiteElo "2221"]
[BlackElo "2397"]
[PlyCount "54"]
[EventDate "2019.04.08"]
[EventType "swiss"]
[EventRounds "9"]
[EventCountry "ISL"]
[SourceTitle "CBM 189 Extra"]
[Source "ChessBase"]
[SourceDate "2019.06.03"]
[SourceVersion "1"]
[SourceVersionDate "2019.06.03"]
[SourceQuality "1"]

1. e4 e5 2. Nf3 Nc6 3. d4 exd4 4. Nxd4 Nf6 5. Nxc6 bxc6 6. e5 Qe7 7. Qe2 Nd5 8. c4 Ba6 9. Nd2 0-0-0 10. b3 f6 11. Qe4 Nb6 12. Bb2 fxe5 13. 0-0-0 Re8 14. Nf3 Bb7 15. Nxe5 g5 16. Bd3 Bg7 17. Rhe1 Rhf8 18. Qe2 Qc5 19. f4 Rxf4 20. Qh5 Rff8 21. Qxg5 Bf6 22. Qg3 Rg8 23. Qf4 Bg5 24. Qxg5 Rxg5 25. Nxd7 Rxe1 26. Nxc5 Rxd1+ 27. Kxd1 Rxc5 0-1

[Event "Reykjavik op"]
[Site "Reykjavik"]
[Date "2019.04.09"]
[Round "2"]
[White "Salles, Louis"]
[Black "Baldvinsson, Loftur"]
[Result "1-0"]
[WhiteElo "2221"]
[BlackElo "1938"]
[PlyCount "75"]
[EventDate "2019.04.08"]
[EventType "swiss"]
[EventRounds "9"]
[EventCountry "ISL"]
[SourceTitle "CBM 189 Extra"]
[Source "ChessBase"]
[SourceDate "2019.06.03"]
[SourceVersion "1"]
[SourceVersionDate "2019.06.03"]
[SourceQuality "1"]

1. e4 e5 2. Nf3 Nc6 3. d4 exd4 4. Nxd4 Nf6 5. Nxc6 bxc6 6. e5 Nd5 7. c4 Nb6 8. Bd3 Bc5 9. Qg4 Kf8 10. Bg5 Be7 11. Bf4 d5 12. Qe2 Be6 13. 0-0 dxc4 14. Be4 Nd5 15. Bg3 h5 16. f4 h4 17. Be1 f5 18. exf6 Bxf6 19. Qxc4 Qd6 20. Qc1 Rb8 21. Nc3 Bd4+ 22. Bf2 Nxc3 23. bxc3 Bb6 24. Qc2 Bc4 25. Rad1 Qf6 26. Rfe1 Rh5 27. f5 Re8 28. Bd4 Bxd4+ 29. Rxd4 Bd5 30. Rf1 Re5 31. Bxd5 cxd5 32. Rdf4 Re3 33. Qd1 Rg5 34. Qxd5 Rxc3 35. Re4 Rc6 36. Rxh4 Rd6 37. Rh8+ Ke7 38. Qe4+ 1-0

[Event "Oslo CC-chA"]
[Site "Oslo"]
[Date "2018.11.15"]
[Round "6"]
[White "Melaa, Sondre Lillestol"]
[Black "Salles, Louis"]
[Result "0-1"]
[WhiteElo "2077"]
[BlackElo "2247"]
[PlyCount "82"]
[EventDate "2018.09.06"]
[EventType "tourn"]
[EventRounds "7"]
[EventCountry "NOR"]
[SourceTitle "EXT 2024"]
[Source "ChessBase"]
[SourceDate "2023.10.10"]
[SourceVersion "1"]
[SourceVersionDate "2023.10.10"]
[SourceQuality "1"]

1. e4 c5 2. Nf3 d6 3. d4 cxd4 4. Nxd4 Nf6 5. Nc3 a6 6. f3 e5 7. Nb3 Be7 8. Be3 Be6 9. Nd5 Nbd7 10. c4 0-0 11. Qd2 Bxd5 12. cxd5 Nh5 13. Na5 Rb8 14. Be2 Nf4 15. Kf2 f5 16. exf5 Rxf5 17. Bd1 Bg5 18. Bc2 Rf7 19. b4 Qf6 20. Be4 Qh6 21. g3 Nf6 22. Bf5 N6xd5 23. gxf4 Bh4+ 24. Ke2 Nxe3 25. Be4 exf4 26. Nxb7 Rbxb7 27. Bxb7 Rxb7 28. Rac1 Qe6 29. Qd4 Bf6 30. Qe4 Qxa2+ 31. Kd3 Qd5+ 32. Qxd5+ Nxd5 33. Ke4 Nxb4 34. Rc8+ Kf7 35. Kxf4 d5 36. Ke3 d4+ 37. Ke4 Re7+ 38. Kf5 Nd5 39. Kg4 Rd7 40. Kh5 Ne3 41. Rc5 d3 0-1

[Event "Oslo CC-chA"]
[Site "Oslo"]
[Date "2018.11.01"]
[Round "5"]
[White "Salles, Louis"]
[Black "Sidali, Elias Hulleberg"]
[Result "1-0"]
[WhiteElo "2247"]
[BlackElo "1883"]
[PlyCount "65"]
[EventDate "2018.09.06"]
[EventType "tourn"]
[EventRounds "7"]
[EventCountry "NOR"]
[SourceTitle "EXT 2024"]
[Source "ChessBase"]
[SourceDate "2023.10.10"]
[SourceVersion "1"]
[SourceVersionDate "2023.10.10"]
[SourceQuality "1"]

1. Nf3 Nf6 2. c4 g6 3. b3 Bg7 4. Bb2 0-0 5. g3 b6 6. Bg2 Bb7 7. 0-0 d6 8. d4 a5 9. a3 Ne4 10. Qc2 Nd7 11. Ng5 Nxg5 12. Bxb7 Rb8 13. Bg2 c5 14. e3 h5 15. Nd2 h4 16. gxh4 Ne6 17. d5 Nc7 18. Bxg7 Kxg7 19. f4 Nf6 20. Nf3 Ng4 21. Rae1 f5 22. e4 Ne8 23. Ng5 Nc7 24. Bh3 Rh8 25. Bxg4 fxg4 26. Qc3+ Kg8 27. Qg3 Qd7 28. f5 b5 29. Qxg4 bxc4 30. Ne6 Rh6 31. Qg5 Kh7 32. fxg6+ Rxg6 33. Rf7+ 1-0

[Event "Oslo op"]
[Site "Oslo"]
[Date "2018.10.02"]
[Round "3"]
[White "Salles, Louis"]
[Black "Holm, Kristian Stuvik"]
[Result "1/2-1/2"]
[WhiteElo "2247"]
[BlackElo "2474"]
[PlyCount "153"]
[EventDate "2018.09.30"]
[EventType "swiss"]
[EventRounds "10"]
[EventCountry "NOR"]
[SourceTitle "EXT 2020"]
[Source "ChessBase"]
[SourceDate "2019.10.17"]
[SourceVersion "1"]
[SourceVersionDate "2019.10.17"]
[SourceQuality "1"]

1. Nf3 c5 2. c4 Nc6 3. b3 e5 4. Bb2 d6 5. Nc3 g6 6. g3 Bg7 7. Bg2 Nge7 8. d3 0-0 9. 0-0 Rb8 10. Nd2 Be6 11. a3 a6 12. Nd5 b5 13. e3 Qd7 14. f4 Bh3 15. Ne4 Nxd5 16. Bxh3 Qxh3 17. cxd5 Ne7 18. Qf3 exf4 19. Bxg7 Kxg7 20. Nxd6 fxg3 21. hxg3 Rbd8 22. Ne4 Nxd5 23. Ra2 Qd7 24. Rc2 Qe7 25. Kf2 b4 26. a4 Nc7 27. Ke2 Ne6 28. Qf6+ Qxf6 29. Nxf6 h5 30. Ne4 Rfe8 31. Kd2 Rd5 32. Nf6 Red8 33. Nxd5 Rxd5 34. Rc4 Rg5 35. Rg1 a5 36. Ke2 Re5 37. Kd2 Rd5 38. Ke2 Kf6 39. Rf1+ Ke7 40. g4 h4 41. Re4 Rd8 42. Rh1 Rh8 43. d4 cxd4 44. exd4 Kd6 45. Kf2 f6 46. Rhe1 Ng5 47. Re8 Rh7 48. Ra8 Rc7 49. Rd8+ Rd7 50. Ree8 Ne6 51. Rxd7+ Kxd7 52. Ra8 Nxd4 53. Rxa5 Nxb3 54. Rb5 Nc1 55. a5 Kc6 56. Rb8 Kc7 57. Rb5 Kc6 58. a6 Kxb5 59. a7 b3 60. a8Q b2 61. Ke3 Kc4 62. Qe4+ Kb3 63. Qxg6 Ka2 64. Qf7+ Ka3 65. Qa7+ Kb3 66. Qb6+ Kc2 67. Qc5+ Kb3 68. Qb5+ Kc3 69. Qc5+ Kb3 70. Qd5+ Kc3 71. Qd4+ Kb3 72. Qd1+ Kc3 73. Qd4+ Kb3 74. Qd5+ Kc3 75. Qd2+ Kb3 76. Qd5+ Kc3 77. Qc6+ 1/2-1/2

[Event "Oslo op"]
[Site "Oslo"]
[Date "2018.10.02"]
[Round "4"]
[White "Sriram, Jha"]
[Black "Salles, Louis"]
[Result "1/2-1/2"]
[WhiteElo "2402"]
[BlackElo "2247"]
[PlyCount "27"]
[EventDate "2018.09.30"]
[EventType "swiss"]
[EventRounds "10"]
[EventCountry "NOR"]
[SourceTitle "EXT 2020"]
[Source "ChessBase"]
[SourceDate "2019.10.17"]
[SourceVersion "1"]
[SourceVersionDate "2019.10.17"]
[SourceQuality "1"]

1. Nf3 Nf6 2. g3 d5 3. Bg2 c6 4. 0-0 Bg4 5. d4 Nbd7 6. h3 Bxf3 7. Bxf3 e5 8. dxe5 Nxe5 9. Bg2 Bd6 10. Nc3 Qe7 11. e4 Nxe4 12. Nxe4 dxe4 13. Bxe4 0-0-0 14. Qe2 1/2-1/2

[Event "Helsingor Xtracon op"]
[Site "Helsingor"]
[Date "2018.07.29"]
[Round "10"]
[White "Akesson, Ralf"]
[Black "Salles, Louis"]
[Result "1-0"]
[WhiteElo "2397"]
[BlackElo "2227"]
[PlyCount "85"]
[EventDate "2018.07.21"]
[EventType "swiss"]
[EventRounds "10"]
[EventCountry "DEN"]
[SourceTitle "CBM 185 Extra"]
[Source "ChessBase"]
[SourceDate "2018.07.29"]
[SourceVersion "1"]
[SourceVersionDate "2018.07.29"]
[SourceQuality "1"]

1. d4 Nf6 2. c4 c5 3. d5 e6 4. Nc3 exd5 5. cxd5 d6 6. e4 g6 7. f4 Bg7 8. Bb5+ Nfd7 9. a4 0-0 10. Nf3 Na6 11. 0-0 Nb4 12. f5 a6 13. Bxd7 Bxd7 14. Bf4 c4 15. a5 Nd3 16. Bxd6 Re8 17. fxg6 hxg6 18. Qd2 b5 19. b4 Bg4 20. e5 Bxf3 21. Rxf3 Nxe5 22. Bxe5 Rxe5 23. d6 Ra7 24. Rd1 Rd7 25. Nd5 Rxd6 26. Ne7+ Qxe7 27. Qxd6 Re1+ 28. Rf1 Rxf1+ 29. Kxf1 Qe4 30. Qxa6 c3 31. Qc8+ Kh7 32. Qh3+ Kg8 33. Rd8+ Bf8 34. Qxc3 Qb1+ 35. Qe1 Qf5+ 36. Kg1 Qf6 37. Re8 Qd4+ 38. Kh1 g5 39. h3 Qd6 40. Qe5 Qd1+ 41. Kh2 Qd2 42. a6 Qxb4 43. a7 1-0

[Event "Helsingor Xtracon op"]
[Site "Helsingor"]
[Date "2018.07.23"]
[Round "4"]
[White "Roder, Peter Ulrik"]
[Black "Salles, Louis"]
[Result "0-1"]
[WhiteElo "2021"]
[BlackElo "2227"]
[PlyCount "64"]
[EventDate "2018.07.21"]
[EventType "swiss"]
[EventRounds "10"]
[EventCountry "DEN"]
[SourceTitle "CBM 185 Extra"]
[Source "ChessBase"]
[SourceDate "2018.07.29"]
[SourceVersion "1"]
[SourceVersionDate "2018.07.29"]
[SourceQuality "1"]

1. d4 Nf6 2. Nf3 d5 3. g3 e6 4. Bg2 Be7 5. 0-0 b5 6. Ne5 0-0 7. f4 c5 8. e3 Qb6 9. c3 Bb7 10. g4 Nfd7 11. Nxd7 Nxd7 12. g5 Rfe8 13. h4 Rad8 14. Nd2 f6 15. Nf3 Kh8 16. Bh3 Bd6 17. Qc2 Qc7 18. Bd2 Nf8 19. Rac1 Bc8 20. b4 c4 21. a4 e5 22. Bxc8 Qxc8 23. fxe5 fxe5 24. dxe5 Bxe5 25. axb5 Qg4+ 26. Kf2 Bg3+ 27. Ke2 Ng6 28. Be1 Bf4 29. Bf2 Nxh4 30. Bxh4 Rxe3+ 31. Kd1 Rxf3 32. Qe2 Rxf1+ 0-1

[Event "Helsingor Xtracon op"]
[Site "Helsingor"]
[Date "2018.07.22"]
[Round "2"]
[White "Dahl, Max"]
[Black "Salles, Louis"]
[Result "0-1"]
[WhiteElo "1848"]
[BlackElo "2227"]
[PlyCount "84"]
[EventDate "2018.07.21"]
[EventType "swiss"]
[EventRounds "10"]
[EventCountry "DEN"]
[SourceTitle "CBM 185 Extra"]
[Source "ChessBase"]
[SourceDate "2018.07.29"]
[SourceVersion "1"]
[SourceVersionDate "2018.07.29"]
[SourceQuality "1"]

1. d4 Nf6 2. Nf3 e6 3. g3 c5 4. c3 Nc6 5. Bg2 d5 6. 0-0 Be7 7. e3 0-0 8. Nbd2 b5 9. Qe2 Qb6 10. Ne5 Nxe5 11. dxe5 Nd7 12. f4 a5 13. Re1 Bb7 14. Kh1 c4 15. Nf3 Nc5 16. Nd4 f6 17. exf6 Bxf6 18. Nf3 b4 19. Bd2 Rae8 20. g4 Nd3 21. Reb1 e5 22. f5 e4 23. Nd4 Bc8 24. Be1 Be5 25. b3 cxb3 26. Rxb3 h5 27. Bh3 hxg4 28. Bxg4 Bxd4 29. cxd4 Bxf5 30. Bg3 Qe6 31. Bxf5 Qxf5 32. Kg2 Re6 33. Rf1 Qxf1+ 34. Qxf1 Rxf1 35. Kxf1 Rc6 36. a3 Rc1+ 37. Ke2 a4 38. Rxd3 exd3+ 39. Kd2 Rb1 40. axb4 a3 41. Kxd3 a2 42. b5 a1Q 0-1

[Event "Wch U20 55th"]
[Site "Bhubaneswar"]
[Date "2016.08.21"]
[Round "13"]
[White "Salles, Louis"]
[Black "Visakh, Narayanan Rajeswari"]
[Result "0-1"]
[WhiteElo "2235"]
[BlackElo "2431"]
[PlyCount "110"]
[EventDate "2016.08.08"]
[EventType "swiss"]
[EventRounds "13"]
[EventCountry "IND"]
[SourceTitle "CBM 173 Extra"]
[Source "ChessBase"]
[SourceDate "2016.08.29"]
[SourceVersion "1"]
[SourceVersionDate "2016.08.29"]
[SourceQuality "1"]

1. d4 Nf6 2. c4 e6 3. Nc3 Bb4 4. e3 0-0 5. Nge2 d5 6. a3 Be7 7. Ng3 dxc4 8. Bxc4 c5 9. dxc5 Qxd1+ 10. Kxd1 Bxc5 11. b4 Be7 12. Bb2 b6 13. Ke2 Bb7 14. f3 Rc8 15. Bb3 Nbd7 16. Rac1 a5 17. b5 Nc5 18. Bc2 a4 19. Rhd1 Nb3 20. Bxb3 axb3 21. a4 Nd5 22. Nge4 f5 23. Nxd5 Bxd5 24. Rxc8+ Rxc8 25. Nc3 Bc4+ 26. Kf2 Bh4+ 27. g3 Bf6 28. Rc1 Bd3 29. Ke1 Bc2 30. Nd1 Be7 31. Bd4 Bb4+ 32. Kf2 Rd8 33. f4 Ba3 34. Ra1 Rxd4 35. exd4 b2 36. Nxb2 Bxb2 37. Ra2 Bxd4+ 38. Ke2 Bb3 39. Ra3 Bc4+ 40. Kf3 Kf7 41. h3 Kf6 42. g4 h6 43. Kg3 Bc5 44. Ra1 Bd6 45. a5 bxa5 46. b6 g5 47. gxf5 gxf4+ 48. Kf3 Bd5+ 49. Kg4 exf5+ 50. Kh4 Be7 51. Re1 Kf7+ 52. Kh5 Bg5 53. Rg1 Bf3+ 54. Rg4 fxg4 55. hxg4 Be4 0-1

[Event "Wch U20 55th"]
[Site "Bhubaneswar"]
[Date "2016.08.14"]
[Round "7"]
[White "Salles, Louis"]
[Black "Taalaibekov, Tagir"]
[Result "0-1"]
[WhiteElo "2235"]
[BlackElo "2182"]
[PlyCount "134"]
[EventDate "2016.08.08"]
[EventType "swiss"]
[EventRounds "13"]
[EventCountry "IND"]
[SourceTitle "CBM 173 Extra"]
[Source "ChessBase"]
[SourceDate "2016.08.29"]
[SourceVersion "1"]
[SourceVersionDate "2016.08.29"]
[SourceQuality "1"]

1. e4 c5 2. Nf3 e6 3. d3 d5 4. Qe2 Nf6 5. g3 Nc6 6. Bg2 g6 7. 0-0 Bg7 8. e5 Nd7 9. Bf4 h6 10. h4 Nd4 11. Nxd4 cxd4 12. Re1 g5 13. hxg5 hxg5 14. Qg4 gxf4 15. Qxg7 Rh5 16. Qg4 Rf5 17. gxf4 Nf8 18. Be4 Ng6 19. Bxf5 exf5 20. Qg5 Qa5 21. Kf1 Be6 22. Ke2 Rc8 23. Rc1 Qb4 24. Nd2 Qxb2 25. Rab1 Qa3 26. Kd1 b6 27. Nf3 Qa4 28. Rb3 Kd7 29. a3 Rh8 30. Kd2 Rh3 31. Ng1 Rh4 32. Rb4 Qxa3 33. Rxd4 Rg4 34. Qh5 Nxf4 35. Qh6 Qa5+ 36. c3 Rxg1 37. Rxg1 Qa2+ 38. Kd1 Ne2 39. Rxd5+ Kc7 40. Qd2 Qxd2+ 41. Kxd2 Nxg1 42. Rb5 Kc6 43. c4 a6 44. Rb1 Nf3+ 45. Kc3 Nxe5 46. Ra1 a5 47. Re1 Ng6 48. d4 Bd7 49. Rb1 Ne7 50. Rb5 Nc8 51. Kd3 a4 52. Kc3 Kc7 53. Rb2 b5 54. cxb5 Kb6 55. Kb4 Bxb5 56. Rc2 Ne7 57. Rc5 Bc6 58. Re5 Nd5+ 59. Kc4 f4 60. Rf5 f6 61. Kd3 Kb5 62. Rh5 a3 63. Kc2 Kc4 64. Rh7 Nb4+ 65. Kc1 Kb3 66. Ra7 a2 67. d5 Nxd5 0-1